[Event "Solta Amateur op"]
[Site "Grohote"]
[Date "2018.07.01"]
[Round "9"]
[White "Obad, Andrija"]
[Black "Coric, Ahmed"]
[Result "1-0"]
[WhiteElo "2283"]
[BlackElo "2070"]
[PlyCount "51"]
[EventDate "2018.06.24"]
[EventType "swiss"]
[EventRounds "9"]
[EventCountry "CRO"]
[SourceTitle "CBM 185 Extra"]
[Source "ChessBase"]
[SourceDate "2018.07.29"]
[SourceVersion "1"]
[SourceVersionDate "2018.07.29"]
[SourceQuality "1"]

1. e4 e5 2. Nf3 Nf6 3. Nxe5 d6 4. Nf3 Nxe4 5. d4 d5 6. Bd3 Be7 7. 0-0 0-0 8. c4 c6 9. Qc2 Nf6 10. h3 h6 11. Re1 Be6 12. b3 a5 13. Nc3 Na6 14. a3 c5 15. cxd5 Nxd5 16. Bc4 Nxc3 17. Rxe6 cxd4 18. Rxh6 d3 19. Qxc3 gxh6 20. Bb2 Bf6 21. Qxf6 Qxf6 22. Bxf6 Nc5 23. Rd1 Rac8 24. Ne5 Ne4 25. Be7 Rfe8 26. Bxf7+ 1-0

[Event "Solta Amateur op"]
[Site "Grohote"]
[Date "2018.06.24"]
[Round "1"]
[White "Lazov, Toni"]
[Black "Coric, Ahmed"]
[Result "0-1"]
[WhiteElo "2328"]
[BlackElo "2070"]
[PlyCount "99"]
[EventDate "2018.06.24"]
[EventType "swiss"]
[EventRounds "9"]
[EventCountry "CRO"]
[SourceTitle "CBM 185 Extra"]
[Source "ChessBase"]
[SourceDate "2018.07.29"]
[SourceVersion "1"]
[SourceVersionDate "2018.07.29"]
[SourceQuality "1"]

1. e4 d5 2. exd5 Qxd5 3. Nc3 Qa5 4. d4 c6 5. Bc4 Nf6 6. Nf3 Bg4 7. h3 Qh5 8. Be2 e6 9. 0-0 Bxf3 10. Bxf3 Qf5 11. Re1 Nbd7 12. g4 Qa5 13. d5 cxd5 14. Nxd5 Nxd5 15. Bxd5 Qb6 16. Bg2 Bc5 17. Qe2 0-0 18. c3 a5 19. Bg5 Rfe8 20. Rad1 Nf8 21. Rd2 h6 22. Be3 Re7 23. Bxc5 Qxc5 24. Rd5 Qc7 25. Rb5 Rb8 26. Qe5 Qxe5 27. Rexe5 b6 28. Re4 Rd7 29. h4 Rd6 30. a4 Rc8 31. h5 Nd7 32. b4 Rxc3 33. bxa5 bxa5 34. Rxa5 Kf8 35. Re1 Ra3 36. Ra8+ Ke7 37. a5 Nf6 38. f3 Nd5 39. Rb1 Ra2 40. Bf1 Nf4 41. a6 Rdd2 42. Rb7+ Kf6 43. Rf8 Kg5 44. Rbxf7 e5 45. a7 Ne2+ 46. Kf2 Nf4+ 47. Kg1 Ne2+ 48. Kf2 Nf4+ 49. Ke3 Re2+ 50. Bxe2 0-1

[Event "Prague Summer op-A 3rd"]
[Site "Prague"]
[Date "2016.08.08"]
[Round "5"]
[White "Soural, Jan"]
[Black "Coric, Ahmed"]
[Result "1-0"]
[WhiteElo "2222"]
[BlackElo "2047"]
[PlyCount "113"]
[EventDate "2016.08.05"]
[EventType "swiss"]
[EventRounds "9"]
[EventCountry "CZE"]
[SourceTitle "CBM 173 Extra"]
[Source "ChessBase"]
[SourceDate "2016.08.29"]
[SourceVersion "1"]
[SourceVersionDate "2016.08.29"]
[SourceQuality "1"]

1. d4 Nf6 2. c4 g6 3. Nc3 d5 4. cxd5 Nxd5 5. e4 Nxc3 6. bxc3 Bg7 7. Qa4+ Nd7 8. Nf3 0-0 9. Bg5 b6 10. Bb5 Nb8 11. 0-0 Bb7 12. Bd3 Nd7 13. Rad1 c5 14. Rfe1 a6 15. Qa3 h6 16. Bf4 cxd4 17. cxd4 Nf6 18. Rc1 Rc8 19. Rxc8 Qxc8 20. Qxe7 Re8 21. Qc7 Qxc7 22. Bxc7 Bxe4 23. Bxe4 Rxe4 24. Bxb6 Rxe1+ 25. Nxe1 Kf8 26. Nd3 Nd7 27. Bc5+ Nxc5 28. Nxc5 a5 29. Nb7 a4 30. Nc5 Bxd4 31. Nxa4 Ke7 32. Kf1 Kd6 33. Ke2 Kd5 34. f3 Kc4 35. h3 h5 36. Kd2 g5 37. Ke2 Be5 38. Nb6+ Kb5 39. Nd5 Kc4 40. Ne3+ Kd4 41. Nf5+ Kc4 42. Kd2 Bf4+ 43. Ke2 Kd5 44. Kd3 Bc7 45. a4 Ke5 46. Ne3 f5 47. Ke2 Bb8 48. a5 Ba7 49. a6 Kf4 50. Nd5+ Kg3 51. Kf1 Bc5 52. Nf6 h4 53. Nh5+ Kh2 54. Ng7 g4 55. hxg4 fxg4 56. fxg4 Kg3 57. Ne6 1-0

[Event "BIH-ch"]
[Site "Lukavac"]
[Date "2016.04.01"]
[Round "2"]
[White "Sutkovic, Damir"]
[Black "Coric, Ahmed"]
[Result "1-0"]
[WhiteElo "2304"]
[BlackElo "2079"]
[PlyCount "95"]
[EventDate "2016.03.31"]
[EventType "swiss"]
[EventRounds "7"]
[EventCountry "BIH"]
[SourceTitle "CBM 171 Extra"]
[Source "ChessBase"]
[SourceDate "2016.04.26"]
[SourceVersion "1"]
[SourceVersionDate "2016.04.26"]
[SourceQuality "1"]

1. b3 d5 2. Bb2 Nf6 3. e3 Bf5 4. Nf3 e6 5. Be2 Bd6 6. Nh4 Bg6 7. d3 Nbd7 8. Nd2 c6 9. g3 0-0 10. 0-0 a5 11. a3 Ne8 12. e4 Be7 13. Nxg6 hxg6 14. Nf3 Bf6 15. e5 Be7 16. h4 c5 17. c4 Nc7 18. a4 Na6 19. Re1 Nb4 20. Bf1 Qc7 21. Qe2 Rfd8 22. Rad1 Nf8 23. d4 b6 24. Bc3 Rac8 25. Bxb4 axb4 26. Rc1 Qb8 27. dxc5 bxc5 28. Red1 d4 29. Bh3 Rc6 30. Rd3 Qc7 31. Re1 Nd7 32. Nd2 Ra6 33. f4 Nb6 34. Bg2 Nd7 35. Qg4 Nf8 36. Be4 Nd7 37. Nf3 Kf8 38. Kf2 Ke8 39. Bxg6 fxg6 40. Qxg6+ Kf8 41. h5 Bf6 42. exf6 Nxf6 43. Ne5 Ng8 44. g4 Qe7 45. g5 Qe8 46. Qh7 Ra7 47. Ng6+ Kf7 48. f5 1-0

[Event "BIH-chT1B"]
[Site "Neum"]
[Date "2012.08.25"]
[Round "1.1"]
[White "Coric, Ahmed"]
[Black "Kesten, Ermin"]
[Result "1-0"]
[WhiteElo "2102"]
[BlackElo "1927"]
[PlyCount "95"]
[EventDate "2012.08.25"]
[EventType "team-tourn"]
[EventRounds "9"]
[EventCountry "BIH"]
[SourceTitle "CBM 150 Extra"]
[Source "ChessBase"]
[SourceDate "2012.10.19"]
[SourceVersion "1"]
[SourceVersionDate "2012.10.19"]
[SourceQuality "1"]

1. e4 c6 2. d4 d5 3. exd5 cxd5 4. Nf3 Nf6 5. c4 Nc6 6. Nc3 e6 7. Bg5 Be7 8. Be2 0-0 9. 0-0 b6 10. Rc1 Bb7 11. cxd5 Nxd5 12. Be3 Rc8 13. Qd2 Bb4 14. Rfd1 Qe7 15. Bb5 a6 16. Bd3 Rfd8 17. Qe2 b5 18. Nxd5 Rxd5 19. Be4 Rdd8 20. d5 exd5 21. Bxd5 h6 22. Qf1 Na5 23. Bxb7 Nxb7 24. a4 Rxc1 25. Rxc1 Rd5 26. Nd4 Qd7 27. axb5 axb5 28. Nf3 Bc5 29. Bxc5 Nxc5 30. Ra1 Nd3 31. Qe2 g6 32. h3 Nf4 33. Qe3 Rd1+ 34. Rxd1 Qxd1+ 35. Kh2 Qd6 36. g3 Nd3 37. Qe8+ Kg7 38. Qxb5 Nxf2 39. Qc4 Qf6 40. Qe2 g5 41. Qxf2 h5 42. Qd4 g4 43. Qxf6+ Kxf6 44. hxg4 hxg4 45. Nd2 Ke5 46. Kg2 f5 47. Kf2 Kd4 48. Ke2 1-0

[Event "Tuzla op 16th"]
[Site "Tuzla"]
[Date "2009.12.27"]
[Round "6"]
[White "Hamzagic, Abdel"]
[Black "Coric, Ahmed"]
[Result "1-0"]
[WhiteElo "2025"]
[BlackElo "2141"]
[PlyCount "65"]
[EventDate "2009.12.24"]
[EventType "swiss"]
[EventRounds "7"]
[EventCountry "BIH"]
[SourceTitle "EXT 2019"]
[Source "ChessBase"]
[SourceDate "2018.10.10"]
[SourceVersion "1"]
[SourceVersionDate "2018.10.10"]
[SourceQuality "1"]

1. c4 Nf6 2. Nc3 d5 3. cxd5 Nxd5 4. g3 g6 5. Bg2 Nb6 6. Nf3 Bg7 7. d4 0-0 8. 0-0 Nc6 9. e3 e5 10. d5 Na5 11. e4 c6 12. Bg5 f6 13. Be3 Nac4 14. Bc5 Re8 15. b3 Na5 16. Bb4 Nd7 17. Qd2 Bf8 18. Bxf8 Nxf8 19. Rfd1 c5 20. Rac1 Qd6 21. Na4 b6 22. Nxc5 Rd8 23. Ne1 Ne6 24. Nxe6 Bxe6 25. b4 Nb7 26. Rc6 Qxc6 27. dxc6 Rxd2 28. cxb7 Rxd1 29. bxa8Q+ Kg7 30. Qxa7+ Kh6 31. h3 Rxe1+ 32. Kh2 Re2 33. Qxb6 1-0